MARC

LEADER 00000nas a2200000 4500
001 ssj0005775
003 WaSeSS
005 20200512172242.0
006 m d
007 cr n
008 750708c19759999nyuqr p s 0 a0eng
010 |a  75644175  
016 7 |a I03800000  |2 DNLM 
022 |l 0098-5589  |y 0098-5589 
030 |a IESEDJ 
032 |a 093410  |b USPS 
035 |a (WaSeSS)ssj0005775 
037 |b IEEE Service Center, 445 Hoes Lane, Piscataway, NJ 08854 
040 |a DLC  |b eng  |c PIT  |d COO  |d NSD  |d OCL  |d NSD  |d DLC  |d NSD  |d OCL  |d NSD  |d NST  |d RCS  |d NST  |d AIP  |d NST  |d AIP  |d NST  |d AIP  |d NSD  |d AIP  |d NST  |d DLC  |d NST  |d NSD  |d DLC  |d MYG  |d OCL  |d CUS  |d MYG  |d OCL  |d IEEEX  |d OCLCQ  |d LYU  |d OCLCQ  |d GUA  |d NLGGC  |d LVB  |d NSD  |d GUA  |d NTE  |d OCLCQ  |d OCLCF  |d BEDGE  |d DLC  |d OCLCO  |d DLC  |d IUL  |d GILDS  |d OCLCO  |d OCLCQ  |d ZAS  |d WaSeSS 
042 |a nsdp  |a pcc 
050 0 0 |a QA76.6  |b .I17 
082 0 4 |a 001.6/425/05 
210 0 |a IEEE trans. softw. eng. 
222 0 |a IEEE transactions on software engineering 
245 0 0 |a IEEE transactions on software engineering  |h [electronic resource]. 
246 1 |a Institute of Electrical and Electronics Engineers transactions on software engineering 
246 1 |a Transactions on software engineering 
246 1 |a Software engineering 
260 |a [New York],  |b [Institute of Electrical and Electronics Engineers] 
310 |a Quarterly,  |b <2013-> 
321 |a Frequency varies,  |b 1975- 
362 0 |a v. SE-1- Mar. 1975- 
506 |a License restrictions may limit access. 
515 |a Print issues for <2013-> also carry numbering that belongs to monthly online version issues, for example, print vol. 39, 3rd quarter issue (2013 July/September) corresponds to monthly online issues volume 39, issue 7-volume 39, issue 9. 
550 |a "A publication of the IEEE Computer Society." 
650 0 |a Computer programming  |v Periodicals. 
650 0 |a Software engineering  |v Periodicals. 
650 0 |a Programming languages (Electronic computers)  |v Periodicals. 
650 6 |a Programmation (Informatique)  |v Périodiques. 
650 6 |a Logiciels  |v Périodiques. 
650 6 |a Langages de programmation  |v Périodiques. 
650 6 |a Génie logiciel. 
650 7 |a Mensuels.  |2 eclas 
650 7 |a Programmation informatique.  |2 eclas 
650 7 |a Computer programming.  |2 fast  |0 (OCoLC)fst00872390 
650 7 |a Programming languages (Electronic computers)  |2 fast  |0 (OCoLC)fst01078704 
650 7 |a Software engineering.  |2 fast  |0 (OCoLC)fst01124185 
650 1 7 |a Programmeren (computers)  |2 gtt 
655 0 |a Electronic journals. 
710 2 |a IEEE Computer Society. 
776 0 8 |i CD-ROM version:  |t IEEE transactions on software engineering (CD-ROM)  |x 2326-3881  |w (DLC) 2013200504  |w (OCoLC)826023957 
853 2 0 |8 1  |a v.  |b no.  |u 6  |v r  |i (year)  |j (month/month)  |w b  |x 01/02 
853 2 0 |8 2  |a v.  |b no.  |u 12  |v r  |i (year)  |j (month)  |w m  |x 01 
853 2 0 |8 3  |a v.  |b no.  |u 6  |v r  |i (year)  |j (month/month)  |w b  |x 01/02 
856 4 0 |z Full text available from Research Library: 01/01/1976 to 12/31/1983  |u https://search.proquest.com/publication/21418 
856 4 0 |z Full text available from Research Library: 01/01/1985 to 12/31/1985  |u https://search.proquest.com/publication/21418 
856 4 0 |z Full text available from Research Library: 01/01/1987 to 03/31/2012  |u https://search.proquest.com/publication/21418 
863 4 1 |8 1.1  |a 25  |b 1  |i 1999  |j 01/02 
863 4 1 |8 2.1  |a 26  |b 1  |i 2000  |j 01 
863 4 1 |8 3.1  |a 34  |b 1  |i 2008  |j 01/02